=LDR 00000nam 2200000 4500 =001 INLIS000000000013656 =005 20130612105020 =008 ***********************************Ind** =035 ##$$0010-061300000013656 =041 ##$$a Ind =082 ##$$a F Rom K =090 ##$$a F Rom K, Sup b =100 ##$$a Supangkat, Eddy =245 ##$$a Bidadari yang bijaksana, Eddy Supangkat =260 ##$$a 1995 $b Yogyakarta =300 ##$$a 36 hlm, Ilus, 15 cm =650 ##$$a Bacaan anak-anak =850 ##$$a NBPNMAT